Történészek eszmékről

Elmentve itt :
Bibliográfiai részletek
Dokumentumtípus: Cikk
Megjelent: 1996-04-19
Sorozat:Délmagyarország 86 No. 92
Kulcsszavak:konferencia, Modern politikai gondolkodás kezdetei
Online Access:http://dmarchiv.bibl.u-szeged.hu/79614
LEADER 00432nab a2200145 i 4500
001 delm79614
005 20191014142357.0
008 191014s1996 hu o 0|| hun d
040 |a SZTE Délmagyarország Archívum  |b hun 
041 |a hun 
245 0 0 |a Történészek eszmékről  |h [elektronikus dokumentum] 
260 |c 1996-04-19 
300 |a 6 
490 0 |a Délmagyarország  |v 86 No. 92 
695 |a konferencia, Modern politikai gondolkodás kezdetei